Principios del conocimiento humano / (Record no. 184943)

MARC details
000 -LEADER
campo de control de longitud fija 00919nam a2200265 i 4500
001 - NÚMERO DE CONTROL
campo de control 184943
003 - IDENTIFICADOR DE NÚMERO DE CONTROL
campo de control SpMaBN
005 - FECHA Y HORA DE LA ÚLTIMA TRANSACCIÓN
campo de control 20230906222319.0
008 - DATOS DE LONGITUD FIJA--INFORMACIÓN GENERAL
campo de control de longitud fija 160224r1984 ag |||| | spa d
020 ## - NÚMERO INTERNACIONAL ESTÁNDAR DEL LIBRO
Número Internacional Estándar del Libro 950-511-038-3
080 ## - NÚMERO DE LA CLASIFICACIÓN DECIMAL UNIVERSAL
Número de la Clasificación Decimal Universal 165
100 1# - ENTRADA PRINCIPAL--NOMBRE DE PERSONA
Nombre de persona Berkeley, George.
9 (RLIN) 28043
245 10 - MENCIÓN DEL TÍTULO
Título Principios del conocimiento humano /
Mención de responsabilidad, etc. George Berkeley ; traducción del inglés por Pablo Masa ; prólogo de Luis Rodríguez Aranda.
250 ## - MENCION DE EDICION
Mención de edición 2ª ed.
Resto de la mención de edición 2ª reimp.
260 ## - PUBLICACIÓN, DISTRIBUCIÓN, ETC.
Lugar de publicación, distribución, etc. Buenos Aires :
Nombre del editor, distribuidor, etc. Aguilar,
Fecha de publicación, distribución, etc. 1984.
300 ## - DESCRIPCIÓN FÍSICA
Extensión 185 p. ;
Dimensiones 19 cm.
490 1# - MENCIÓN DE SERIE
Mención de serie Biblioteca de iniciación filosófica
504 ## - NOTA DE BIBLIOGRAFÍA, ETC.
Nota de bibliografía, etc. Referencias bibliográficas.
650 #7 - PUNTO DE ACCESO ADICIONAL DE MATERIA--TÉRMINO DE MATERIA
Término de materia o nombre geográfico como elemento de entrada Epistemología.
9 (RLIN) 12338
700 1# - ENTRADA AGREGADA--NOMBRE PERSONAL
Nombre de persona Masa, Pablo.
9 (RLIN) 78655
700 1# - ENTRADA AGREGADA--NOMBRE PERSONAL
Nombre de persona Rodríguez Aranda, Luis.
9 (RLIN) 98344
830 0# - PUNTO DE ACCESO ADICIONAL DE SERIE-TÍTULO UNIFORME
Título uniforme Biblioteca de iniciación filosófica
9 (RLIN) 181447
852 ## - LOCALIZACIÓN
Ubicación ES-MaACL
Número de control de estantería L-30215
Nota libre . - Donat. Miguel A. Velasco
Holdings
Estatus retirado Estado de pérdida Estado de daño No para préstamo Biblioteca de origen Biblioteca actual Ubicación en estantería Fecha de adquisición Fuente de adquisición Total de préstamos Signatura topográfica completa Código de barras Visto por última vez Precio de reemplazo Tipo de ítem Koha
        Biblioteca del Ateneo de Madrid Biblioteca del Ateneo de Madrid Depósito 2 24/02/2016     L-30215 1194789 23/02/2023 23/02/2023 Libro impreso